Test de rapidité - Alphabet - Statistiques

Statistiques générales
  • Ce quiz a été pris 856 fois
  • Le résultat moyen est 24 sur 26
Statistiques - réponses
Hint Réponse % Correct
a a
99%
b b
96%
c c
94%
e e
94%
d d
93%
f f
92%
g g
92%
h h
92%
i i
92%
j j
92%
s s
91%
k k
90%
l l
90%
m m
90%
n n
90%
o o
90%
p p
90%
r r
90%
u u
90%
q q
89%
t t
89%
v v
89%
y y
89%
z z
89%
w w
88%
x x
88%
Aucun quiz correspondant
Distribution des résultats
% des personnes avec chaque résultat
Percentile par nombre de réponses
Votre historique - résultats
Vous n’avez pas pris ce quiz